| 000 | 00684 a2200181 4500 | ||
|---|---|---|---|
| 003 | Nust | ||
| 005 | 20230307130033.0 | ||
| 040 | _cNust | ||
| 082 | _a355.07,SHU | ||
| 100 |
_aDavid Shukman _9109952 |
||
| 245 |
_aTomorrows War : _bThe threat of high-technology / _cDavid Shukman |
||
| 260 |
_aPakistan _bArmy Edu press _c2002-2003 |
||
| 300 | _axiv,272p.; | ||
| 505 | _aA Forbidding Challenge (Page-1), An Invincible Sword (Page-21), An Impenetrable Shield (Page-53), A Shared Shield (Page-83), Unfailing Sight (Page-117), An Unerring Aim (Page-147), A Trusted Aide (Page-177), Bloodless Victory (Page-203). | ||
| 600 |
_aDavid Shukman _9109952 |
||
| 650 | _aWar | ||
| 942 |
_2ddc _cBK |
||
| 999 |
_c185517 _d185517 |
||